[Event "31. DSenEM2019 Gruppe 65+"]
[Site "Radebeul"]
[Date "2019.04.29"]
[Round "4.1"]
[White "Kiefer, Gerhard"]
[Black "Juhnke, Juergen"]
[Result "1/2-1/2"]
[BlackElo "2230"]
[BlackTeam "HSK Lister Turm"]
[EventDate "2019.??.??"]
[PlyCount "0"]
[WhiteElo "2279"]
[WhiteTeam "SC Emmendingen"]

1. e4 c5 2. Nf3 d6 3. d4 cxd4 4. Nxd4 Nf6 5. Nc3 a6 6. Be2 e5 7. Nf3 h6 8. Nd2
Be6 9. Bc4 Nbd7 10. O-O Rc8 11. Bb3 Be7 12. Qe2 O-O 13. Nc4 Nc5 14. f3 Qc7 15.
Ne3 Nxb3 16. axb3 Rfe8 17. Kh1 Bf8 18. Rd1 g6 19. Bd2 Nh5 20. Be1 f5 21. Qd2
Kh7 22. Rac1 Qf7 23. Ned5 fxe4 24. Nxe4 Bf5 25. Bf2 Bxe4 26. fxe4 Nf4 27. Be3
Nxd5 28. Qxd5 Qxd5 29. Rxd5 h5 30. c3 Bh6 31. Bxh6 Kxh6 32. g3 Re6 33. Rcd1 
1/2-1/2

[Event "31. DSenEM2019 Gruppe 65+"]
[Site "Radebeul"]
[Date "2019.04.29"]
[Round "4.2"]
[White "Rahls, Peter"]
[Black "Khanukov, Boris"]
[Result "0-1"]
[BlackElo "2250"]
[BlackTeam "Bahn-SC Wuppertal"]
[EventDate "2019.??.??"]
[PlyCount "0"]
[WhiteElo "2193"]
[WhiteTeam "SK Zehlendorf"]

1. e4 g6 2. Nc3 Bg7 3. g3 c5 4. Bg2 Nc6 5. d3 d6 6. Nge2 e5 7. h4 h6 8. Nd5 Bg4
9. Ne3 Be6 10. c3 Nge7 11. Nd5 Bg4 12. Ne3 Bd7 13. O-O Be6 14. f4 f5 15. Bh3
Qd7 16. fxe5 dxe5 17. c4 O-O-O 18. Nd5 f4 19. Bxe6 Qxe6 20. Bxf4 exf4 21. Nexf4
Qd7 22. Rb1 g5 23. Nh5 Bd4+ 24. Kg2 gxh4 25. Rf7 Rdf8 26. Nxe7+ Nxe7 27. Qf3
Rxf7 28. Qxf7 Nc6 29. Qxd7+ Kxd7 30. gxh4 Rf8 31. Ng3 Rf2+ 32. Kh3 Be5 33. Nh1
Rxb2 34. Rf1 Rxa2 35. Kg4 a5 36. Kh5 a4 37. Kxh6 Rh2 38. h5 a3 39. Nf2 Rg2  0-1

[Event "31. DSenEM2019 Gruppe 65+"]
[Site "Radebeul"]
[Date "2019.04.29"]
[Round "4.3"]
[White "Rosen, Willy"]
[Black "Hess, Christian Mathias"]
[Result "1/2-1/2"]
[BlackElo "2246"]
[BlackTeam "FC ST.Pauli"]
[EventDate "2019.??.??"]
[PlyCount "0"]
[WhiteElo "2178"]
[WhiteTeam "SF Essen-Katernberg"]

1. e4 c6 2. d4 d5 3. exd5 cxd5 4. Bd3 Nc6 5. c3 Qc7 6. Ne2 Bg4 7. f3 Bh5 8. Bf4
Qd7 9. Nd2 e6 10. b4 Bg6 11. Nb3 Nf6 12. a4 Nh5 13. Bg3 Nxg3 14. hxg3 Bxd3 15.
Qxd3 g6 16. a5 Bg7 17. Nc5 Qc7 18. Kf2 O-O 19. f4 Rac8 20. g4 h6 21. Qh3 Rfe8
22. Nd3 Nb8 23. Ne5 Nd7 24. Nxd7 Qxd7 25. Qd3 Qc7 26. Rh3 Qc4 27. Qe3 Qb3 28.
Rah1 Qc2 29. Qd3 Qb2 30. Rd1 Rc4 31. Rd2 Qa3 32. Qb1 Qa4 33. Kg1 Qc6 34. Kh1
Rc8 35. Rf3 f5 36. Re3 Kf7 37. gxf5 exf5 38. Rdd3 Re8 39. Qe1 Re4 40. g3 Qe6
41. Ng1 g5 42. fxg5 hxg5 43. Nf3 Qh6+ 44. Kg2 Rc8 45. Qf2 Rh8 46. Kf1 Rhe8 47.
Nd2 Qh3+ 48. Ke2 Qh5+ 49. Kf1 Qh1+ 50. Ke2 Qh5+  1/2-1/2

[Event "31. DSenEM2019 Gruppe 65+"]
[Site "Radebeul"]
[Date "2019.04.29"]
[Round "4.4"]
[White "Ackermann, Hans Werner"]
[Black "Hülsmann, Josef"]
[Result "1/2-1/2"]
[BlackElo "2215"]
[BlackTeam "Langenfelder SF"]
[EventDate "2019.??.??"]
[PlyCount "0"]
[WhiteElo "2237"]
[WhiteTeam "SC Hansa Dortmund"]

1. Nf3 d5 2. c4 c6 3. e3 e6 4. Nc3 Nd7 5. b3 Ngf6 6. Bb2 Bd6 7. d4 O-O 8. Bd3
dxc4 9. Bxc4 e5 10. Be2 e4 11. Nd2 Re8 12. g4 Bb4 13. Rc1 Nd5 14. h4 N7b6 15.
Nxd5 cxd5 16. a3 Be7 17. g5 Bd7 18. Nb1 f6 19. g6 hxg6 20. h5 Bf5 21. hxg6 Bxg6
22. Bb5 Nd7 23. Qg4 Qa5+ 24. Nc3 Nf8 25. Bxe8 Rxe8 26. b4 Qd8 27. Ne2 f5 28.
Qh3 a5 29. b5 a4 30. Nc3 Qd7 31. Qf1 Ra8 32. Kd2 Bf6 33. Qh3 Bd8 34. Rcg1 Ba5
35. Qf1 Rc8 36. Qe2 Rc4 37. Rb1 Qxb5 38. Rhc1 Qc6 39. Rc2 f4 40. Rbc1 f3 41.
Qf1 Ne6 42. Kd1 Nxd4 43. Nxd5 Rxc2 44. Ne7+ Kf7 45. Nxc6 Rd2+ 46. Ke1 Re2+ 47.
Kd1 Rd2+ { Ackermann, Hans Werner-Huelsmann, Josef Radebeul (4.4), Dt.
Senioren-Einzelmeisterscha, 2019.04.29}   1/2-1/2

[Event "31. DSenEM2019 Gruppe 65+"]
[Site "Radebeul"]
[Date "2019.04.29"]
[Round "4.5"]
[White "Rotstein, Jefim"]
[Black "Baum, Bernd"]
[Result "1-0"]
[BlackElo "2183"]
[BlackTeam "SC Fulda"]
[EventDate "2019.??.??"]
[PlyCount "0"]
[WhiteElo "2326"]
[WhiteTeam "SC Tornado Hochneukirch"]

1. Nf3 c5 2. c4 Nc6 3. d4 cxd4 4. Nxd4 Nf6 5. Nc3 g6 6. e4 d6 7. Be2 Nxd4 8.
Qxd4 Bg7 9. Be3 O-O 10. Qd2 a5 11. O-O a4 12. Rac1 Qa5 13. f3 Bd7 14. Rfd1 Rfd8
15. Bf1 Be6 16. Nd5 Bxd5 17. Qxa5 Rxa5 18. Bb6 Raa8 19. Bxd8 Rxd8 20. cxd5 Nd7
21. b4 axb3 22. axb3  1-0

[Event "31. DSenEM2019 Gruppe 65+"]
[Site "Radebeul"]
[Date "2019.04.29"]
[Round "4.6"]
[White "Schmidt, Bodo"]
[Black "Böhm, Erwin"]
[Result "0-1"]
[BlackElo "2155"]
[BlackTeam "SV Dresden-Leuben"]
[EventDate "2019.??.??"]
[PlyCount "0"]
[WhiteElo "2313"]
[WhiteTeam "SC Siegburg"]

1. d4 g6 2. c4 Bg7 3. Nc3 d6 4. e4 Nc6 5. Be3 e5 6. d5 Nce7 7. c5 f5 8. Bb5+ Kf7
9. Nf3 h6 10. Qb3 f4 11. Bc1 g5 12. Qa3 a6 13. b4 Ng6 14. Bb2 Bg4 15. Be2 Nf6
16. Qb3 Bxf3 17. gxf3 Bf8 18. Ba3 Be7 19. Nb1 Kg7 20. Nd2 b5 21. Rc1 Nd7 22.
Bf1 Qb8 23. Bh3 Rd8 24. Qc2 a5 25. Nb3 axb4 26. Bxb4 Ra4 27. a3 dxc5 28. Na5
cxb4 29. Nc6 Qa8 30. Nxd8 Qxd8 31. Qxc7 Ndf8 32. Qb7 bxa3 33. O-O Qa8 34. Qxb5
a2 35. Ra1 Qa7 36. Rfc1 Ra5 37. Qe8 Bc5 38. Be6 Qe7 39. Qc8 Nxe6 40. dxe6 Nf8
41. Rc2 Kg8 42. Raxa2 Rxa2 43. Rxa2 Qxe6 44. Qa8 g4 45. Ra6 Qd7 46. Rg6+ Kh8
47. Rxg4 Qd2 48. h3 Bxf2+ 49. Kh1 Qe1+ 50. Kh2 Bg3+  0-1

[Event "31. DSenEM2019 Gruppe 65+"]
[Site "Radebeul"]
[Date "2019.04.29"]
[Round "4.7"]
[White "Dresen, Ulrich"]
[Black "Beilfuss, Wilfried"]
[Result "1/2-1/2"]
[BlackElo "2148"]
[EventDate "2019.??.??"]
[PlyCount "0"]
[WhiteElo "2228"]
[WhiteTeam "SF Gerresheim"]

1. d4 Nf6 2. Bg5 e6 3. Nf3 h6 4. Bxf6 Qxf6 5. Nbd2 g6 6. c3 Bg7 7. e3 d6 8. Bd3
Qe7 9. Qe2 Nd7 10. O-O O-O 11. Rfd1 a6 12. a4 b6 13. Be4  1/2-1/2

[Event "31. DSenEM2019 Gruppe 65+"]
[Site "Radebeul"]
[Date "2019.04.29"]
[Round "4.8"]
[White "Kannenberg, Karl-Heinz"]
[Black "Herbrechtsmeier, Christof"]
[Result "1-0"]
[BlackElo "2204"]
[BlackTeam "SC Emmendingen"]
[EventDate "2019.??.??"]
[PlyCount "0"]
[WhiteElo "2169"]
[WhiteTeam "SC Kitzingen"]

1. d4 g6 2. Nf3 Bg7 3. e3 Nf6 4. Be2 O-O 5. c4 d5 6. cxd5 Nxd5 7. e4 Nb6 8. O-O
Bg4 9. Nbd2 Nc6 10. d5 Bxf3 11. Nxf3 Ne5 12. Nxe5 Bxe5 13. Qb3 c5 14. dxc6 bxc6
15. Bh6 Re8 16. Rfd1 Qc7 17. g3 Red8 18. Qc2 c5 19. Rxd8+ Rxd8 20. Rc1 Bd4 21.
b4 c4 22. Bxc4 Nxc4 23. Qxc4 Qxc4 24. Rxc4 f6 25. Bc1 f5 26. exf5 gxf5 27. Kf1
Kf7 28. Ke2 Ke6 29. Be3 Bxe3 30. Kxe3 Rd6 31. Rh4 Ke5 32. Rxh7 Ra6 33. Rxe7+
Kf6 34. Rb7 Rxa2 35. h4 Kg6 36. f3 a5 37. Rb6+  1-0

[Event "31. DSenEM2019 Gruppe 65+"]
[Site "Radebeul"]
[Date "2019.04.29"]
[Round "4.9"]
[White "Schumacher, Gottfried"]
[Black "Knaak, Joachim"]
[Result "1-0"]
[BlackElo "2139"]
[BlackTeam "SV Dresden-Leuben"]
[EventDate "2019.??.??"]
[PlyCount "0"]
[WhiteElo "2202"]
[WhiteTeam "HTC Bad Neuenahr"]

1. Nf3 Nf6 2. d4 e6 3. c4 d5 4. Nc3 c6 5. e3 Nbd7 6. Bd3 Bd6 7. O-O O-O 8. e4
dxc4 9. Bxc4 e5 10. Bg5 Qe7 11. Re1 Re8 12. h3 b5 13. Bb3 a6 14. Rc1 Bb7 15.
dxe5 Bxe5 16. Nxe5 Nxe5 17. Re3 Rad8 18. Qe2 h6 19. Bh4 Ng6 20. Bg3 c5 21. Nd5
Bxd5 22. exd5 Qa7 23. d6 c4 24. Bc2 Rxe3 25. fxe3 Nf8 26. Rd1 Qc5 27. Qf3 Ne8
28. Rd5 Qb6 29. Be5 Nxd6 30. Qg3 Ne8 31. Bd4 Qb8 32. Qf3 Rxd5 33. Qxd5 Qd6 34.
Qa8 Nc7 35. Qb8 Qe7 36. a3 Ne6 37. Bc3 Qc7 38. Qa8 Qb6 39. Kf2 Nc7 40. Qd8 Qc6
41. Qc8 Qd7 42. Qb8 Nd5 43. Bd4 Qc7 44. Qa8 Qd6 45. Be4 Ne7 46. Qe8 f5 47. Bc2
f4 48. Be4 fxe3+ 49. Kxe3 Qe6 50. Kf3 Nf5 51. Qd8 Nxd4+ 52. Qxd4 Qf6+ 53. Qxf6
gxf6 54. Bb7 a5 55. Ke4 Nd7 56. Kd5 Nb6+ 57. Kc5 Na4+ 58. Kxb5 Nxb2 59. Bd5+
Kg7 60. Bxc4 Kg6 61. Be2 Kg5 62. Kxa5 Kf4 63. Kb4 Ke3 64. Kb3 Na4 65. Bf3 Nc5+
66. Kc4 Nd3 67. a4 Ne5+ 68. Kd5 Nxf3 69. gxf3 f5 70. a5 f4 71. a6 Kxf3 72. a7
Kg3 73. a8=Q f3 74. Ke4 f2 75. Qa3+ Kg2 76. Qf3+ Kg1 77. Qg3+  1-0

[Event "31. DSenEM2019 Gruppe 65+"]
[Site "Radebeul"]
[Date "2019.04.29"]
[Round "4.10"]
[White "Lutz, Albert"]
[Black "Hassenrück, Helmut"]
[Result "1-0"]
[BlackElo "2199"]
[BlackTeam "SG-Gladbeck"]
[EventDate "2019.??.??"]
[PlyCount "0"]
[WhiteElo "2138"]
[WhiteTeam "SK Krumbach"]

1. Nf3 Nf6 2. c4 e6 3. d4 b6 4. Nc3 Bb4 5. Qc2 Bb7 6. e3 Ne4 7. Nd2 Bxc3 8. bxc3
f5 9. Nxe4 Bxe4 10. Qb3 Qh4 11. Ba3 Nc6 12. Qb2 d6 13. O-O-O Na5 14. d5 f4 15.
f3 Bg6 16. e4 O-O 17. Bd3 exd5 18. cxd5 Rfd8 19. Ba6 Rab8 20. Qe2 Be8 21. c4
Ba4 22. Rd2 Nb7 23. Bb2 Nc5 24. Bb5 a6 25. Bxa4 Nxa4 26. Bd4 b5 27. Rc2 b4 28.
e5 dxe5 29. Qxe5 Rd7 30. Qe6+ Rf7 31. c5 b3 32. axb3 Rxb3 33. Qe8+ Rf8 34. Qxa4
Rfb8 35. Rb2 Rxb2 36. Bxb2 Qe7 37. Qd4 Rb5 38. d6 cxd6 39. cxd6 Qf7 40. Rd1 
1-0

[Event "31. DSenEM2019 Gruppe 65+"]
[Site "Radebeul"]
[Date "2019.04.29"]
[Round "4.11"]
[White "Schulz, Wolfgang"]
[Black "Prüfer, Friedbert"]
[Result "0-1"]
[BlackElo "2196"]
[BlackTeam "TSG Taucha"]
[EventDate "2019.??.??"]
[PlyCount "94"]
[WhiteElo "2048"]
[WhiteTeam "Hamburger SK"]

1. e4 g6 2. Nf3 Bg7 3. d3 d6 4. g3 c5 5. Bg2 Nc6 6. O-O e6 7. Re1 Nge7 8. Nbd2
O-O 9. h4 Rb8 10. h5 b5 11. Nf1 Qc7 12. Qe2 Nd4 13. Nxd4 cxd4 14. Nh2 Qc5 15.
hxg6 hxg6 16. Ng4 Bb7 17. Bh6 Bxh6 18. Nxh6+ Kg7 19. Ng4 Nc6 20. e5 dxe5 21.
Nxe5 Qxe5 22. Qxe5+ Nxe5 23. Rxe5 Rfc8 24. Rc1 Kf6 25. Bxb7 Kxe5 26. Bxc8 Rxc8
27. Re1+ Kd5 28. Re2 b4 29. f4 f6 30. Rh2 Rc6 31. Rh7 Rxc2 32. Rxa7 Rxb2 33.
Ra5+ Kc6 34. Ra6+ Kb5 35. Ra8 e5 36. fxe5 fxe5 37. Kf1 Kc5 38. g4 Rd2 39. Ra5+
Kd6 40. Ra6+ Ke7 41. Ra5 Kf6 42. Rb5 Rxd3 43. Rxb4 Ra3 44. Rb2 Kg5 45. Rg2 Kf4
46. g5 e4 47. Ke1 e3  0-1

[Event "31. DSenEM2019 Gruppe 65+"]
[Site "Radebeul"]
[Date "2019.04.29"]
[Round "4.12"]
[White "Waltenberger, Udo"]
[Black "Szenetra, Werner"]
[Result "1/2-1/2"]
[Annotator "lenovo"]
[BlackElo "2177"]
[BlackTeam "SV Berenbostel"]
[EventDate "2019.??.??"]
[PlyCount "97"]
[WhiteElo "1944"]
[WhiteTeam "SV Eiche Reichenbrand"]

1. d4 d6 2. Nf3 g6 3. g3 Bg7 4. Bg2 Nd7 5. O-O e5 6. c4 Ne7 7. Nc3 O-O 8. e4
exd4 9. Nxd4 Ne5 10. b3 N7c6 11. Nxc6 bxc6 12. Bb2 Rb8 13. Qd2 c5 14. Rae1 Be6
15. f4 Nc6 16. f5 Bxc4 17. bxc4 Ne5 18. Ba1 Nxc4 19. Qe2 Ne5 20. Nd5 c6 21. f6
cxd5 22. fxg7 Kxg7 23. exd5 Re8 24. Qf2 f6 25. Bxe5 dxe5 26. Qxc5 Qb6 27. Rc1
Re7 28. d6 Rd7 29. Qxb6 Rxb6 30. Rfd1 Rbxd6 31. Rxd6 Rxd6 32. Rc7+ Kh6 33. Rxa7
Rd1+ 34. Kf2 Rd2+ 35. Kf1 f5 36. h3 e4 37. a4 Ra2 38. a5 Ra1+ 39. Kf2 Ra2+ 40.
Kg1 e3 41. Re7 Rxa5 42. Rxe3 Kg5 43. Bf3 Ra2 44. Be2 h5 45. h4+ Kf6 46. Kf2 g5
47. hxg5+ Kxg5 48. Rf3 Ra4 49. Rf4  1/2-1/2

[Event "31. DSenEM2019 Gruppe 65+"]
[Site "Radebeul"]
[Date "2019.04.29"]
[Round "4.13"]
[White "Schmidt, Gerhard"]
[Black "Türtmann, Dieter"]
[Result "1/2-1/2"]
[BlackElo "1947"]
[BlackTeam "ESV Eberswalde"]
[EventDate "2019.??.??"]
[PlyCount "50"]
[WhiteElo "2172"]
[WhiteTeam "SC Unterhaching"]

1. d4 e6 2. c4 b6 3. Nc3 Bb7 4. Nf3 d6 5. e4 Nd7 6. Be2 g6 7. Bg5 Qc8 8. O-O h6
9. Be3 Bg7 10. Rc1 Ne7 11. Nd2 O-O 12. f4 f5 13. e5 dxe5 14. dxe5 Rd8 15. Qe1
Kh7 16. Qf2 Nf8 17. Rfd1 Qb8 18. b4 c6 19. Nb3 Qc7 20. a4 Rxd1+ 21. Bxd1 Rd8
22. Bf3 Qc8 23. c5 g5 24. cxb6 axb6 25. fxg5 Neg6  1/2-1/2

[Event "31. DSenEM2019 Gruppe 65+"]
[Site "Radebeul"]
[Date "2019.04.29"]
[Round "4.14"]
[White "Postler, Reinhard"]
[Black "Paus, Franz"]
[Result "1/2-1/2"]
[BlackElo "2041"]
[BlackTeam "Schachfüchse Kempen"]
[EventDate "2019.??.??"]
[PlyCount "62"]
[WhiteElo "2247"]
[WhiteTeam "TSG Oberschöneweide"]

1. e4 Nf6 2. e5 Nd5 3. d4 d6 4. Nf3 dxe5 5. Nxe5 Nd7 6. Bc4 Nxe5 7. dxe5 c6 8.
O-O Bf5 9. Qe2 e6 10. Bb3 Qb6 11. Nd2 Be7 12. Nc4 Qc7 13. Rd1 Rd8 14. Bd2 O-O
15. a4 b6 16. Re1 Nb4 17. Bc3 Nd5 18. Bd2 Nb4 19. Bf4 Rd4 20. Be3 Rd7 21. f3
Nd5 22. Bd2 Nb4 23. Bf4 Nd5 24. Bg3 Bg5 25. Nd6 Bg6 26. Kh1 h5 27. c4 Nb4 28.
h4 Be7 29. Qd2 c5 30. Re3 Qd8 31. Qe1 Nd3  1/2-1/2

[Event "31. DSenEM2019 Gruppe 65+"]
[Site "Radebeul"]
[Date "2019.04.29"]
[Round "4.15"]
[White "Sand, Rolf"]
[Black "Syré, Christian"]
[Result "0-1"]
[BlackElo "2210"]
[BlackTeam "TSG Oberschöneweide"]
[EventDate "2019.??.??"]
[PlyCount "76"]
[WhiteElo "2024"]
[WhiteTeam "SF Pfullingen"]

1. d4 g6 2. g3 Bg7 3. Bg2 d6 4. c4 Nf6 5. Nf3 O-O 6. Nc3 Nbd7 7. O-O e5 8. e4 c6
9. h3 exd4 10. Nxd4 Qb6 11. Nde2 Ne8 12. Qc2 Nc5 13. Be3 Qb4 14. b3 a5 15. Rab1
f5 16. Bd2 Qb6 17. Be3 Qc7 18. Nd4 f4 19. gxf4 Bxd4 20. Bxd4 Ne6 21. Ne2 Nxd4
22. Nxd4 Rxf4 23. Qd2 Rh4 24. Qg5 Rh5 25. Qg3 Qg7 26. Nf3 Qh6 27. h4 Nf6 28.
Rfe1 Bg4 29. e5 dxe5 30. Rxe5 Bxf3 31. Rxh5 Bxh5 32. Re1 Qg7 33. Bh3 Re8 34.
Rxe8+ Nxe8 35. Be6+ Kf8 36. Qe3 Qa1+ 37. Kg2 Qf6 38. Qc5+ Qe7  0-1

[Event "31. DSenEM2019 Gruppe 65+"]
[Site "Radebeul"]
[Date "2019.04.29"]
[Round "4.16"]
[White "Kierzek, Matthias"]
[Black "Schmidt, Jörg"]
[Result "1-0"]
[BlackElo "2016"]
[BlackTeam "Aufbau Bernburg"]
[EventDate "2019.??.??"]
[PlyCount "115"]
[WhiteElo "2196"]
[WhiteTeam "SC Fulda"]

1. d4 Nf6 2. c4 c5 3. d5 b5 4. cxb5 a6 5. e3 g6 6. Nc3 Bg7 7. Nf3 O-O 8. a4 d6
9. e4 axb5 10. Bxb5 Nfd7 11. O-O Ba6 12. Bg5 Re8 13. Re1 Bxb5 14. axb5 Rxa1 15.
Qxa1 Nb6 16. Nd2 Qd7 17. Qa5 Qb7 18. Ra1 h6 19. Be3 e6 20. dxe6 fxe6 21. Qa7
Re7 22. Qxb7 Rxb7 23. Bf4 Rd7 24. Rd1 g5 25. Bg3 Bd4 26. e5 d5 27. Nb3 Ra7 28.
Nxd4 cxd4 29. Rxd4 N8d7 30. h4 Kh7 31. hxg5 hxg5 32. f4 gxf4 33. Rxf4 Kg6 34.
Ne2 Nxe5 35. Nd4 Re7 36. Nc6 Nxc6 37. bxc6 e5 38. Rb4 Nc8 39. Rb7 Kf6 40. b4
Ke6 41. b5 Re8 42. b6 Kd6 43. c7 Nxb6 44. Rxb6+ Kxc7 45. Rg6 Kd7 46. Kf2 Re6
47. Rxe6 Kxe6 48. Kf3 Kf5 49. Bf2 d4 50. g4+ Kg5 51. Kg3 Kg6 52. Kh4 Kh6 53.
g5+ Kg6 54. Kg4 Kg7 55. Kf5 Kf7 56. Kxe5 Kg6 57. Kf4 d3 58. Be3  1-0

[Event "31. DSenEM2019 Gruppe 65+"]
[Site "Radebeul"]
[Date "2019.04.29"]
[Round "4.17"]
[White "Schulz, Michael"]
[Black "Biller, Helmut"]
[Result "1-0"]
[BlackElo "2010"]
[BlackTeam "SF Frankfurt"]
[EventDate "2019.??.??"]
[PlyCount "79"]
[WhiteElo "2183"]
[WhiteTeam "SC Zitadelle Spandau"]

1. d4 d5 2. Bg5 Nf6 3. Bxf6 exf6 4. e3 Bd6 5. c4 dxc4 6. Bxc4 O-O 7. Nc3 c6 8.
Nge2 Nd7 9. O-O Re8 10. Ng3 b5 11. Bd3 a6 12. Qf3 Bb7 13. Nf5 Bf8 14. Rfd1 Qb8
15. Nh6+ Kh8 16. Qf5 g6 17. Nxf7+ Kg8 18. Qxd7 Qc8 19. Qxc8 Raxc8 20. Nd6 Bxd6
21. Ne4 Be7 22. Nc5 Bxc5 23. dxc5 Rc7 24. b4 a5 25. bxa5 Ra8 26. Bc2 Rxa5 27.
Bb3+ Kg7 28. Rd4 Bc8 29. Rad1 Rca7 30. h4 Re7 31. Rd6 Raa7 32. Kh2 h6 33. Rd8
Be6 34. Bxe6 Rxe6 35. R1d7+ Re7 36. Rxe7+ Rxe7 37. Rd6 Ra7 38. Rxc6 Rxa2 39.
Rc7+ Kg8 40. Rb7  1-0

[Event "31. DSenEM2019 Gruppe 65+"]
[Site "Radebeul"]
[Date "2019.04.29"]
[Round "4.18"]
[White "Braun, Gottfried"]
[Black "Wurmb, Peter"]
[Result "1-0"]
[BlackElo "1984"]
[BlackTeam "SK Heidenau"]
[EventDate "2019.??.??"]
[PlyCount "101"]
[WhiteElo "2181"]
[WhiteTeam "SG Leipzig"]

1. e4 c5 2. c3 e6 3. d4 cxd4 4. cxd4 d5 5. exd5 exd5 6. Nf3 Nf6 7. Bb5+ Bd7 8.
Bxd7+ Qxd7 9. O-O Nc6 10. Nc3 Be7 11. Ne5 Qd8 12. Qa4 Qa5 13. Qxa5 Nxa5 14. Bg5
Rd8 15. Rfe1 Kf8 16. Rac1 h6 17. Be3 g6 18. Re2 Kg7 19. Rec2 a6 20. Na4 Bd6 21.
Nb6 Bxe5 22. dxe5 Ng4 23. Bd4 Nc6 24. Rxc6 bxc6 25. h3 Nxe5 26. Bxe5+ f6 27.
Bd4 Rd6 28. Na4 Rb8 29. b3 Kf7 30. Nc5 a5 31. Kf1 Rb4 32. Rd1 Rd8 33. Ke2 f5
34. Kd3 Re8 35. Rc1 Rxd4+ 36. Kxd4 Re2 37. Nd3 Rxa2 38. Rxc6 a4 39. bxa4 Rxa4+
40. Kxd5 Ra5+ 41. Rc5 Ra7 42. Ne5+ Kg7 43. Ke6 h5 44. Rd5 Ra2 45. Rd7+ Kh6 46.
Nf7+ Kg7 47. Ng5+ Kg8 48. Kf6 Ra6+ 49. Ne6 Rc6 50. Rg7+ Kh8 51. Rxg6  1-0

[Event "31. DSenEM2019 Gruppe 65+"]
[Site "Radebeul"]
[Date "2019.04.29"]
[Round "4.19"]
[White "Lenk, Wolfgang"]
[Black "Just, Joachim"]
[Result "0-1"]
[BlackElo "1970"]
[BlackTeam "Motor Zeitz"]
[EventDate "2019.??.??"]
[PlyCount "88"]
[WhiteElo "2134"]
[WhiteTeam "USV TU Dresden"]

1. e4 e6 2. d4 d5 3. Nc3 dxe4 4. Nxe4 Nd7 5. Nf3 Ndf6 6. Nxf6+ Nxf6 7. Ne5 Be7
8. Be3 Nd5 9. Qf3 Bf6 10. Bd2 O-O 11. Bd3 Bg5 12. Bxg5 Qxg5 13. h4 Qf4 14. c3
Qxf3 15. Nxf3 f6 16. O-O Bd7 17. Rfe1 Rae8 18. Rac1 Bc6 19. Bf1 Nf4 20. Nd2 b6
21. g3 Nd5 22. c4 Ne7 23. Rxe6 Bd7 24. Ree1 Nc6 25. Nb3 a5 26. d5 Ne5 27. Nd4
c5 28. dxc6 Nxc6 29. Nxc6 Bxc6 30. Bg2 Bxg2 31. Kxg2 Kf7 32. Kf3 Rc8 33. Re4
Rfd8 34. Rc3 Rd2 35. Re2 Rd4 36. Rec2 Rc5 37. b3 f5 38. a3 Rc6 39. b4 axb4 40.
axb4 Rc7 41. b5 Rc5 42. Ra2 Kf6 43. Ke3 Rd6 44. Rd2 Re5+  0-1

[Event "31. DSenEM2019 Gruppe 65+"]
[Site "Radebeul"]
[Date "2019.04.29"]
[Round "4.20"]
[White "Simon, Ralf-Axel"]
[Black "Schroeder, Christian"]
[Result "1-0"]
[BlackElo "1957"]
[BlackTeam "HSG Uni Rostock"]
[EventDate "2019.??.??"]
[PlyCount "97"]
[WhiteElo "2126"]
[WhiteTeam "SK Ricklingen"]

1. Nf3 d5 2. e3 c5 3. b3 Bg4 4. Bb2 e6 5. h3 Bh5 6. Bb5+ Nc6 7. g4 Bg6 8. Ne5
Qc7 9. h4 f6 10. Bxc6+ bxc6 11. Nxg6 hxg6 12. Qe2 O-O-O 13. Nc3 g5 14. h5 Nh6
15. O-O-O Bd6 16. Na4 Qa5 17. c4 Rhe8 18. Kb1 e5 19. cxd5 cxd5 20. Bc3 Qc7 21.
Rc1 Kb8 22. Bb4 c4 23. Bxd6 Qxd6 24. bxc4 Qb4+ 25. Nb2 dxc4 26. Rc3 Re7 27.
Rhc1 Rb7 28. R1c2 Rc8 29. a3 Qb6 30. Rxc4 Rxc4 31. Rxc4 Rc7 32. d3 Qb3 33. Qc2
Qxc2+ 34. Kxc2 Nf7 35. Rxc7 Kxc7 36. Kc3 Nd8 37. Na4 Nc6 38. Nc5 Ne7 39. Kc4
Kc6 40. Ne4 Ng8 41. Ng3 Nh6 42. f3 a6 43. d4 exd4 44. exd4 Kd6 45. Nf5+ Nxf5
46. gxf5 Kc6 47. d5+ Kd6 48. Kd4 a5 49. a4  1-0

[Event "31. DSenEM2019 Gruppe 65+"]
[Site "Radebeul"]
[Date "2019.04.29"]
[Round "4.22"]
[White "Gerl, Hans"]
[Black "Essegern, Kurt"]
[Result "1/2-1/2"]
[BlackElo "2116"]
[BlackTeam "Bad Salzungen"]
[EventDate "2019.??.??"]
[PlyCount "93"]
[WhiteElo "1975"]
[WhiteTeam "SGem Fürth"]

1. d4 Nf6 2. c4 e6 3. Nf3 b6 4. a3 Bb7 5. Nc3 Be7 6. d5 O-O 7. e4 d6 8. Bd3 e5
9. O-O g6 10. g3 Nh5 11. Bh6 Ng7 12. Qd2 Bc8 13. Ng5 f6 14. Nf3 Bh3 15. Rfc1
Bg4 16. Ne1 f5 17. f3 Bh3 18. Nd1 fxe4 19. Nf2 exd3 20. Nxh3 Nd7 21. b4 a5 22.
Ng5 Bxg5 23. Bxg5 Qe8 24. Qxd3 Rf5 25. Bd2 a4 26. Ng2 Qe7 27. Re1 Raf8 28. f4
Qd8 29. Bc3 g5 30. g4 Rxf4 31. Nxf4 gxf4 32. Rf1 Qg5 33. Kh1 Qxg4 34. Rg1 Qh5
35. Qe4 Kh8 36. Qg2 Nf5 37. Qg4 Qxg4 38. Rxg4 Ne3 39. Rh4 f3 40. Re4 f2 41.
Rxe3 f1=Q+ 42. Rxf1 Rxf1+ 43. Kg2 Rf4 44. c5 bxc5 45. bxc5 Kg8 46. cxd6 cxd6
47. Bb4  1/2-1/2

[Event "31. DSenEM2019 Gruppe 65+"]
[Site "Radebeul"]
[Date "2019.04.29"]
[Round "4.23"]
[White "Neumann, Joachim"]
[Black "Fleuch, Hans-Jürgen"]
[Result "1/2-1/2"]
[BlackElo "1956"]
[BlackTeam "SV Urmitz"]
[EventDate "2019.??.??"]
[PlyCount "23"]
[WhiteElo "2116"]
[WhiteTeam "SC Agon Neumünster"]

1. c4 g6 2. g3 Bg7 3. Bg2 c6 4. Nc3 e5 5. e4 Ne7 6. Nge2 O-O 7. O-O d6 8. d3 Be6
9. Be3 f5 10. Qd2 Nd7 11. b3 Nf6 12. h3  1/2-1/2

[Event "31. DSenEM2019 Gruppe 65+"]
[Site "Radebeul"]
[Date "2019.04.29"]
[Round "4.24"]
[White "Müller, Lutz"]
[Black "Krüger, Erich"]
[Result "1-0"]
[BlackElo "2113"]
[BlackTeam "SF Essen-Katernberg"]
[EventDate "2019.??.??"]
[PlyCount "63"]
[WhiteElo "1985"]
[WhiteTeam "SC Bad Königshofen"]

1. d4 Nf6 2. Nf3 g6 3. c4 Bg7 4. Nc3 O-O 5. e4 d6 6. h3 e5 7. d5 a5 8. g4 Na6 9.
Be3 Bd7 10. Be2 c6 11. Nd2 cxd5 12. cxd5 Ne8 13. g5 f5 14. gxf6 Bxf6 15. Nf3
Nc5 16. h4 Ng7 17. Ng5 Nh5 18. Bxh5 gxh5 19. Qxh5 Qe7 20. Bxc5 dxc5 21. d6 Qg7
22. O-O-O h6 23. Rdg1 hxg5 24. hxg5 Bd8 25. Nd5 Be8 26. Nf6+ Rxf6 27. gxf6 Bxh5
28. Rxg7+ Kf8 29. Rxh5 Bxf6 30. Rxb7 Rd8 31. Rhh7 Rxd6 32. Rb8+  1-0

[Event "31. DSenEM2019 Gruppe 65+"]
[Site "Radebeul"]
[Date "2019.04.29"]
[Round "4.25"]
[White "Höhne, Peter"]
[Black "Jacob, Helmut"]
[Result "0-1"]
[BlackElo "2107"]
[BlackTeam "SK Ochtrup"]
[EventDate "2019.??.??"]
[PlyCount "144"]
[WhiteElo "1925"]
[WhiteTeam "SG Hohndorf"]

1. e4 d5 2. exd5 Qxd5 3. Nc3 Qd8 4. d4 Nf6 5. g3 c6 6. Bg5 Bf5 7. Bxf6 gxf6 8.
Qf3 Bxc2 9. Rc1 Bg6 10. h4 h5 11. Nge2 Bh6 12. Nf4 Qd6 13. Nxg6 fxg6 14. Rd1
Nd7 15. Bd3 f5 16. O-O O-O 17. Rfe1 e6 18. Bc2 Rae8 19. Bb3 Kh7 20. Qe2 Rf6 21.
d5 Qc7 22. dxc6 bxc6 23. Qc4 Nb6 24. Qc5 Bf8 25. Qd4 e5 26. Qe3 Rd6 27. Rc1 Qe7
28. Na4 Nd5 29. Qe2 e4 30. Rc5 Nb4 31. Qc4 Nd5 32. Nc3 Bg7 33. Nxd5 cxd5 34.
Qc2 Qe5 35. Ba4 Rb8 36. b3 f4 37. Kh2 Rf8 38. Rc7 fxg3+ 39. fxg3 Rdf6 40. Re2
Rf3 41. Rg2 Qd4 42. Qc5 R3f7 43. Qxd4 Bxd4 44. Rxf7+ Rxf7 45. Bc6 Rf5 46. Rd2
e3 47. Re2 Bb6 48. b4 d4 49. Be4 Re5 50. Bd3 Re7 51. g4 Kh6 52. g5+ Kg7 53. a4
Bc7+ 54. Kg2 Bd6 55. b5 Bb4 56. Kf3 Bc3 57. Ra2 Ba5 58. Rc2 Re6 59. Rc8 Rd6 60.
Ra8 Rd7 61. Re8 Rf7+ 62. Kg3 Bc7+ 63. Kg2 Rf2+ 64. Kg1 Kf7 65. Rc8 Bh2+ 66. Kh1
Rd2 67. Ra8 Rxd3 68. Rxa7+ Ke6 69. Kxh2 e2 70. Ra8 Kd7 71. Ra7+ Kd6 72. Ra6+
Kd5  0-1